000 00763nam a2200217Ii 4500
003 JO-AjNU
008 230605s9999||||xx |||||||||||||| ||und||
017 _a2001/2/337
040 _aJO-AjNU
_bara
_erda
_cJO-AjNU
041 _aara
050 1 4 _aDS154.66.A946.2 2001
100 3 _aتاليف عايش، محمد عصام,
_eauthor
_920243
245 0 0 _aمعاهدة وادي عربة: دراسة تحليلية
250 _aط1
264 3 1 _aعمان: دار البيارق للنشر والتوزيع، 2001
300 _a141ص
336 _atext
_btxt
_2rdacontent
337 _aunmediated
_bn
_2rdamedia
338 _avolume
_bnc
_2rdacarrier
650 4 _aالاردن- القانون الدولي -الصراع العربي الاسرائيلي
_920244
999 _aA6826
_c10394
_d10394